01893nam a22001937a 450000500170000000800410001702000180005804000070007604100080008308200270009110000240011824500350014226000530017730000280023036500710025852013080032965000340163770000280167120220426111148.0220315b ||||| |||| 00| 0 eng d a9781466563889 cAL aeng 223a621.36501518bLAVN aAndrei Lavrinenko V aNumerical methods in photonics aLondonbCRC Press Taylor and Francis Groupc2015 axix,334p.bHBc24x16cm. 2GeneralaABD/0565/22b₹3970.45c₹d₹5293.94e25%f07/03/2022 aSimulation and modeling using numerical methods is one of the key instruments in any scientific work. In the field of photonics, a wide range of numerical methods are used for studying both fundamental optics and applications such as design, development, and optimization of photonic components. Modeling is key for developing improved photonic devices and reducing development time and cost. Choosing the appropriate computational method for a photonics modeling problem requires a clear understanding of the pros and cons of the available numerical methods. Numerical Methods in Photonics presents six of the most frequently used methods: FDTD, FDFD, 1+1D nonlinear propagation, modal method, Green’s function, and FEM. After an introductory chapter outlining the basics of Maxwell’s equations, the book includes self-contained chapters that focus on each of the methods. Each method is accompanied by a review of the mathematical principles in which it is based, along with sample scripts, illustrative examples of characteristic problem solving, and exercises. MATLAB® is used throughout the text. This book provides a solid basis to practice writing your own codes. The theoretical formulation is complemented by sets of exercises, which allow you to grasp the essence of the modeling tools.  2PhotonicsaNumerical analysis aLaegsgaard Jesper;et.al